[Event "7th Veselin Boskovic Mem Op"]
[Site "Beograd SRB"]
[Date "2006.10.03"]
[Round "2"]
[White "Stojanovic,Mari"]
[Black "Tosic,M"]
[Result "0-1"]
[WhiteElo "2185"]
[BlackElo "2442"]

1.e4 c5 2.Nf3 e6 3.d4 cxd4 4.Nxd4 a6 5.Bd3 Nf6 6.O-O Qc7 7.c4 Bc5 8.Nc2 Nc6
9.Be3 Ne5 10.h3 d6 11.Nc3 O-O 12.Rc1 Bxe3 13.Nxe3 Bd7 14.Be2 Rfd8 15.Qd2 Rac8
16.Rfd1 Be8 17.b4 Ng6 18.Bf1 Qb6 19.a3 Bc6 20.Qc2 Qc7 21.Qb1 Be8 22.Qb2 Ne7
23.Qb1 Qb8 24.a4 Qc7 25.a5 Rb8 26.Rd2 b6 27.axb6 Qxb6 28.b5 Qc5 29.Rb2 axb5
30.cxb5 Qg5 31.Rb4 Rdc8 32.Rc4 Rxc4 33.Nxc4 d5 34.exd5 exd5 35.Nd6 Bd7 36.Re1 Ng6
37.g3 h5 38.Kh2 Qd2  0-1

[Event "WJun"]
[Site "Yerevan ARM"]
[Date "2006.10.04"]
[Round "2"]
[White "Frolyanov,D"]
[Black "Wang Li"]
[Result "1-0"]
[WhiteElo "2498"]
[BlackElo "2226"]

1.e4 c5 2.Nf3 e6 3.d4 cxd4 4.Nxd4 a6 5.Bd3 Qb6 6.Be3 Bc5 7.c3 Qc7 8.Qg4 g6
9.O-O d6 10.Qg3 Nd7 11.Nd2 e5 12.Rac1 Ngf6 13.Bh6 Ba7 14.N4b3 Nf8 15.Qh4 Ng4
16.Bxf8 Rxf8 17.h3 Nxf2 18.Rxf2 f5 19.Rf1 fxe4 20.Nxe4 Qe7 21.Qg3 d5 22.Nec5 Rxf2
23.Qxf2 Bd7 24.Kh1 e4 25.Qd4 O-O-O 26.Be2 Bf5 27.c4 Qd6 28.cxd5 Bb8 29.Qg1 Bc7
30.Ne6 Bxe6 31.dxe6 Kb8 32.Rd1 Qxe6 33.Nc5 Qxa2 34.Rxd8+ Bxd8 35.Qd4 Bc7
36.Nxe4 Qb1+ 37.Bd1 Qc1 38.Nc5 Qg5 39.Qb4  1-0

[Event "Goodbye Summer Open"]
[Site "Omis CRO"]
[Date "2006.10.05"]
[Round "2"]
[White "Prlac,V"]
[Black "Baturina,A"]
[Result "1-0"]
[WhiteElo "2115"]
[BlackElo "1875"]

1.e4 c5 2.Nf3 e6 3.d4 cxd4 4.Nxd4 a6 5.Bd3 Qc7 6.O-O Nf6 7.c4 Nc6 8.Nc2 Ne5
9.Ne3 b6 10.b3 Bb7 11.f3 Be7 12.Kh1 h5 13.Bb2 d6 14.Nc3 Rc8 15.Rc1 Qc6 16.a4 Rg8
17.Bb1 g5 18.Qd2 Ng6 19.Ne2 Nd7 20.Nd4 Qc7 21.b4 Nb8 22.Ba2 Nc6 23.Nd5 Qd8
24.Nxe7 Qxe7 25.Nxc6 Bxc6 26.b5 Bb7 27.Ba3 f6 28.Rfd1 Rd8 29.Qe3 Qc7 30.Qd4 Ke7
31.Rd2 e5 32.Qe3 Rd7 33.Rcd1 Rgd8 34.Qb3 Ke8 35.a5 axb5 36.cxb5 Nf8 37.a6 Ba8
38.Rc1 Qb8 39.Qg8 Re7 40.Rcd1  1-0

[Event "56th TCh-BUL"]
[Site "Sunny Beach BUL"]
[Date "2006.10.06"]
[Round "2"]
[White "Georgiev,Ves"]
[Black "Velikov,P"]
[Result "0-1"]
[WhiteElo "2327"]
[BlackElo "2465"]

1.e4 c5 2.Nf3 e6 3.d4 cxd4 4.Nxd4 a6 5.Bd3 Qc7 6.O-O Nf6 7.Qe2 d6 8.c4 Nc6
9.Be3 Ne5 10.Nc3 Nfg4 11.Bg5 h6 12.Bh4 g5 13.Bg3 h5 14.Bc2 h4 15.Bxe5 Nxe5
16.Ba4+ Bd7 17.Bxd7+ Qxd7 18.b3 g4 19.Rad1 Qc7 20.Kh1 Bg7 21.f4 gxf3 22.Nxf3 O-O-O
23.Nxe5 Bxe5 24.Rd3 Rdg8 25.Nd1 Rg7 26.Rdf3 f6 27.h3 Rg6 28.Ne3 Qg7 29.c5 dxc5
30.Qc4 Qe7 31.Ng4 Rxg4 32.hxg4 Kb8 33.Rd3 Rc8 34.a4 Ka7 35.b4 Rc6 36.b5 Rb6
37.Rfd1 Bd4 38.Rb3 a5 39.Rf3 Rd6 40.Rdf1 Qc7 41.g5 fxg5 42.Rf7 Qb6 43.Qe2 Be5
44.Re7 Bf4 45.Qg4 c4 46.e5 Rd2 47.Rxe6 Qe3 48.b6+ Ka6 49.Re8 Qd3 50.Ra8+ Kxb6
51.Qe6+ Kc5 52.Rxa5+ Kb4 53.Rb5+ Kc3 54.Rbb1 Rxg2  0-1

[Event "Corporacion del Sur A"]
[Site "Buenos Aires ARG"]
[Date "2006.10.08"]
[Round "6"]
[White "Needleman,G"]
[Black "Flores,Di"]
[Result "0-1"]
[WhiteElo "2427"]
[BlackElo "2512"]

1.e4 c5 2.Nf3 e6 3.d4 cxd4 4.Nxd4 a6 5.Bd3 g6 6.O-O Bg7 7.c3 d5 8.exd5 Qxd5
9.Bf4 Nf6 10.Nd2 O-O 11.Nc4 Nbd7 12.Re1 b5 13.Na5 Re8 14.Nc2 Nc5 15.Be2 e5
16.Be3 Nb7 17.Nb3 Bf5 18.Nb4 Qe6 19.Bf3 Rad8 20.Bxb7 Rxd1 21.Raxd1 Ng4 22.Bc5 Bf8
23.h3 Nf6 24.Be3 Be4 25.Bxe4 Nxe4 26.Nd5 Rd8 27.Nc7 Rxd1 28.Rxd1 Qc4 29.Nxa6 Qe2
30.Rd8 Qe1+ 31.Kh2 Nxf2 32.Bxf2 Qxf2 33.Nc7 Qb6 34.Rd7 Qc6 35.Nd5 Kg7 36.Rd8 Bd6
37.Ne3 Qb6 38.Rd7 e4+ 39.Kh1 Qxe3 40.Rxd6 Qf2  0-1

[Event "Muensterland Open"]
[Site "Senden GER"]
[Date "2006.10.08"]
[Round "3"]
[White "Meertens,Mart"]
[Black "Farago,I"]
[Result "0-1"]
[WhiteElo "2216"]
[BlackElo "2513"]

1.e4 c5 2.Nf3 e6 3.d4 cxd4 4.Nxd4 a6 5.Bd3 Nf6 6.O-O Qc7 7.Qe2 d6 8.f4 Nbd7
9.Kh1 Be7 10.Nd2 O-O 11.N2f3 Nc5 12.a4 e5 13.Nb3 Nxd3 14.cxd3 Be6 15.Nbd2 exf4
16.Nd4 Bg4 17.Qf2 d5 18.Qxf4 Qxf4 19.Rxf4 Bd6 20.Rf1 dxe4 21.Nxe4 Nxe4 22.dxe4 Rfe8
23.Nf5 Bb4 24.Ng3 Rac8 25.Bf4 Rc2 26.Rac1 Rxb2 27.h3 Be6 28.Nf5 Bxf5 29.exf5 h6
30.Rc7 b5 31.axb5 axb5 32.Rb7 Bf8 33.Rd1 Rf2 34.g3 b4 35.Rb8 Rxb8 36.Bxb8 b3
37.Bf4 b2  0-1

[Event "56th TCh-BUL"]
[Site "Sunny Beach BUL"]
[Date "2006.10.10"]
[Round "6"]
[White "Georgiev,Ves"]
[Black "Nikolov,M"]
[Result "1-0"]
[WhiteElo "2327"]
[BlackElo "2450"]

1.e4 c5 2.Nf3 e6 3.d4 cxd4 4.Nxd4 a6 5.Bd3 Qb6 6.Nb3 Qc7 7.O-O Nf6 8.Nc3 b5
9.a4 b4 10.Ne2 Bb7 11.Ng3 d5 12.Re1 Nbd7 13.exd5 Bxd5 14.Nf5 g6 15.Nh6 Bd6
16.h3 Kf8 17.Ng4 Nxg4 18.Qxg4 Kg7 19.Qd4+ f6 20.Qh4 Rhe8 21.Nd4 Kg8 22.Bh6 e5
23.Nf5 Bc5 24.Rad1 Bf7 25.Qg3 Nb6 26.b3 Nd5 27.Bd2 Bf8 28.Bc4 Nf4 29.Ne3 a5
30.Ng4 Nh5 31.Bxf7+ Kxf7 32.Qf3 Rad8 33.c4 bxc3 34.Bxc3 Rxd1 35.Rxd1 Kg7
36.Rd5 Nf4 37.Nxf6 Re7 38.Bxe5 Rxe5 39.Rd7+ Qxd7 40.Nxd7 Rf5 41.g4 Rf7 42.Nxf8 Kxf8
43.Qa8+ Kg7 44.Kh2 Nd3 45.Qxa5 Rxf2+ 46.Kg3 Rc2 47.Qa7+ Kg8 48.Qd4 Nc1 49.Qd8+ Kg7
50.Qe7+ Kg8 51.a5 Ne2+ 52.Kh4 h6 53.Qd8+ Kg7 54.Qd7+ Kg8 55.g5 h5 56.Qe8+ Kg7
57.Qe7+ Kg8 58.Qe6+ Kg7 59.Qf6+ Kh7 60.Qf7+ Kh8  1-0

[Event "Corporacion del Sur A"]
[Site "Buenos Aires ARG"]
[Date "2006.10.11"]
[Round "9"]
[White "Valerga,D"]
[Black "Lujan,C"]
[Result "1-0"]
[WhiteElo "2461"]
[BlackElo "2419"]

1.e4 c5 2.Nf3 e6 3.d4 cxd4 4.Nxd4 a6 5.Bd3 g6 6.O-O Bg7 7.Nb3 Ne7 8.c3 O-O
9.Bg5 Nbc6 10.N1d2 d5 11.Qe2 Qc7 12.Nf3 dxe4 13.Bxe4 h6 14.Be3 f5 15.Bc2 e5
16.Qc4+ Kh8 17.Rad1 b6 18.Rfe1 Bb7 19.Bxh6 Bxh6 20.Nxe5 b5 21.Qh4 Nxe5 22.Qxh6+ Kg8
23.Nd4 Bd5 24.Bb3 Bxb3 25.axb3 Ng4 26.Qh4 Rf7 27.Ne6 Qb6 28.Ng5 Rg7 29.h3 Rf8
30.hxg4 fxg4 31.Re6 Qa7 32.Ne4 g5 33.Qxg4 Ng6 34.Nf6+  1-0

[Event "WJun"]
[Site "Yerevan ARM"]
[Date "2006.10.14"]
[Round "11"]
[White "Khairullin,I"]
[Black "Stellwagen,D"]
[Result "1/2-1/2"]
[WhiteElo "2543"]
[BlackElo "2576"]

1.e4 c5 2.Nf3 e6 3.d4 cxd4 4.Nxd4 a6 5.Bd3 Bc5 6.Nb3 Ba7 7.Qe2 Nc6 8.Be3 Bxe3
9.Qxe3 Nf6 10.O-O e5 11.c4 d6 12.Nc3 O-O 13.Rfd1 Be6 14.Be2 Rc8 15.Rd2 Na5
16.Nxa5 Qxa5 17.Rxd6 Bxc4 18.Bxc4 Rxc4 19.Rad1 Qc5 20.Qxc5 Rxc5 21.f3 h5
22.Kf2 Re8 23.R1d2 Kf8 24.Na4 Rc7 25.b4 Ke7 26.Nb6 Rc1 27.a3 h4 28.R6d3 Rc7
29.Rd6 Rc1 30.R6d3 Rc7 31.Ke2 Rh8 32.Kd1 Rh6 33.a4 Rh8 34.a5 Re8 35.Rd6 Rh8
36.h3 Rf8 37.R6d3 Rh8 38.Rd6 Rf8 39.f4 Nxe4 40.fxe5 Nc3+ 41.Ke1 Re8 42.Rd7+ Rxd7
43.Rxd7+ Ke6 44.Rxb7 Kxe5 45.Kd2 Ne4+ 46.Kc2 Nd6 47.Ra7 Kd4 48.Rd7 Ke5 49.Kb3 g5
50.Nc4+  1/2-1/2

[Event "Autumn Cup"]
[Site "Bucharest ROM"]
[Date "2006.10.15"]
[Round "5"]
[White "Lupulescu,C"]
[Black "Manolache,M"]
[Result "1-0"]
[WhiteElo "2571"]
[BlackElo "2507"]

1.e4 c5 2.Nf3 e6 3.d4 cxd4 4.Nxd4 a6 5.Bd3 Nf6 6.O-O d6 7.c4 b6 8.Nc3 Bb7
9.Be3 Nbd7 10.f3 Rc8 11.Rc1 g6 12.b3 Bg7 13.Qd2 O-O 14.Rfd1 Re8 15.Bf1 Qe7
16.Re1 Qf8 17.Kh1 h5 18.Red1 h4 19.Nde2 d5 20.cxd5 exd5 21.Nxd5 Nxd5 22.Rxc8 Rxc8
23.exd5 Nf6 24.Nf4 Qd6 25.Qf2 Re8 26.Bc1 Re5 27.Qxh4 g5 28.Qf2 gxf4 29.Bxf4 Nxd5
30.Bc4 b5 31.Bxe5 Qxe5 32.Bxd5 Bxd5 33.Qc5 Be6 34.Rd8+ Kh7 35.Qxe5 Bxe5 36.Ra8 b4
37.Rxa6 Bb2 38.Rb6 Bc3 39.g4 Bd5 40.Kg2 f6 41.h4 Kg7 42.Rd6 Bf7 43.Rd7 Kf8
44.h5 Be6 45.Ra7 Bb2 46.Kg3 Kg8 47.f4 Bd5 48.Re7 Kf8 49.Rd7 Be4 50.h6 Kg8
51.Kh4 Bc6 52.Rc7 Bd5 53.h7+ Kh8 54.Kh5 f5 55.Kg6 Be6 56.Re7  1-0

[Event "XI WCh-Blind"]
[Site "Goa IND"]
[Date "2006.10.15"]
[Round "6"]
[White "Tonteri,A"]
[Black "Ross,C"]
[Result "0-1"]
[WhiteElo "1975"]
[BlackElo "2129"]

1.e4 c5 2.Nf3 e6 3.d4 cxd4 4.Nxd4 a6 5.Bd3 Bc5 6.Nb3 Ba7 7.Qe2 Ne7 8.c4 d6
9.Nc3 Nbc6 10.Be3 O-O 11.Rc1 e5 12.Bxa7 Rxa7 13.O-O Ng6 14.Nd5 Qg5 15.f3 Be6
16.Qe3 Qh4 17.Rfd1 Raa8 18.Qb6 Rab8 19.Bf1 f5 20.exf5 Bxf5 21.Ne3 e4 22.Nxf5 Rxf5
23.g3 Qe7 24.fxe4 Rf6 25.Bg2 Nge5 26.Rf1 Rxf1+ 27.Kxf1 Nxc4 28.Rxc4 Qf7+
29.Kg1 Qxc4 30.Qe3 Qc2 31.Qc1 Qxc1+ 32.Nxc1 Rc8 33.Bh3 Re8 34.Bg2 Ne5 35.Ne2 Rc8
36.Nc3 b5 37.Bh3 Rc5 38.Be6+ Kf8  0-1

[Event "WJun"]
[Site "Yerevan ARM"]
[Date "2006.10.16"]
[Round "13"]
[White "Khairullin,I"]
[Black "Vitiugov,N"]
[Result "1/2-1/2"]
[WhiteElo "2543"]
[BlackElo "2596"]

1.e4 c5 2.Nf3 e6 3.d4 cxd4 4.Nxd4 a6 5.Bd3 Qc7 6.O-O Nf6 7.Qe2 d6 8.c4 Be7
9.b3 O-O 10.Bb2 b6 11.Nd2 Nbd7 12.Kh1 Bb7 13.Rac1 Rfe8 14.f3 Rac8 15.Qf2 Qb8
16.Rfe1 Ne5 17.Bb1 Ng6 18.Nf1 Nh5 19.Rcd1 Bh4 20.g3 Be7 21.Ne3 Nf6 22.Bd3 Qa8
23.Bf1 h5 24.Kg1 Qb8 25.Bh3 Bd8 26.Bg2 Bc7 27.a4 Ba8 28.Bc3 h4 29.Ne2 Bd8
30.Rd2 Be7 31.Nd4 Red8  1/2-1/2

[Event "WYG18"]
[Site "Batumi GEO"]
[Date "2006.10.20"]
[Round "2"]
[White "Abrahamyan,T"]
[Black "Dauletova,G"]
[Result "1-0"]
[WhiteElo "2292"]
[BlackElo "2151"]

1.e4 c5 2.Nf3 e6 3.d4 cxd4 4.Nxd4 a6 5.Bd3 Bc5 6.Nb3 Be7 7.Qg4 g6 8.Qe2 d6
9.O-O Nd7 10.Bd2 b6 11.Bc3 Ngf6 12.Na3 O-O 13.f4 e5 14.Nc4 Qc7 15.Ne3 Bb7
16.Ng4 Nxg4 17.Qxg4 Nf6 18.Qf3 b5 19.fxe5 dxe5 20.Bd2 Nh5 21.Bh6 Ng7 22.Qe2 Rac8
23.a4 b4 24.Nd2 Rfd8 25.Kh1 Ne6 26.Qf2 Bf8 27.Be3 Qe7 28.Nc4 Bg7 29.Na5 Nd4
30.Bc4 Rf8 31.Bxd4 exd4 32.Rae1 Rc5 33.Nxb7 Rxc4 34.Na5 Rc7 35.b3 Rc3 36.e5 Qc7
37.Nc4 d3 38.cxd3 Rxd3 39.Re3 Rxe3 40.Qxe3 Re8 41.Qd2 Qc5 42.Qd6 Bf8 43.Qxa6 Qd5
44.Qf6 Rd8 45.Nb6 Qd3 46.Qxf7+ Kh8 47.e6 Qd6 48.Nd7 Be7 49.Nf6 Bxf6 50.Qxf6+ Kg8
51.Qf7+ Kh8 52.e7  1-0

[Event "WYG14"]
[Site "Batumi GEO"]
[Date "2006.10.20"]
[Round "2"]
[White "Roy,Pa"]
[Black "Yu Hualin"]
[Result "0-1"]
[WhiteElo "1959"]
[BlackElo "2087"]

1.e4 c5 2.Nf3 e6 3.d4 cxd4 4.Nxd4 a6 5.Bd3 Qc7 6.O-O Nf6 7.c4 b6 8.Nc3 Bb7
9.Qe2 d6 10.f4 Nbd7 11.f5 e5 12.Nb3 h5 13.Nd5 Bxd5 14.cxd5 Qb7 15.Be3 Be7
16.Qf3 Nc5 17.Bc2 O-O 18.Nd2 Ng4 19.Nc4 Nxe3 20.Nxe3 Bg5 21.Rae1 g6 22.g3 b5
23.h4 Bf6 24.Re2 Qa7 25.g4 Bxh4 26.gxh5 g5 27.f6 Nd7 28.Kh1 Kh8 29.Qg4 Qc7
30.Ng2 Rg8 31.Nxh4 gxh4 32.Qxh4 Qc4 33.Ref2 Qd4 34.Qh3 Nc5 35.Qf3 Rg5 36.Rd1 Qxb2
37.Bb3 Qa3 38.Qe3 Rag8 39.Rg2 Rxh5+ 40.Rh2 Rxh2+ 41.Kxh2 Rg6 42.Qh3+ Kg8  0-1

[Event "WYG18"]
[Site "Batumi GEO"]
[Date "2006.10.22"]
[Round "4"]
[White "Majdan,J"]
[Black "Dauletova,G"]
[Result "1-0"]
[WhiteElo "2336"]
[BlackElo "2151"]

1.e4 c5 2.Nf3 e6 3.d4 cxd4 4.Nxd4 a6 5.Bd3 Bc5 6.Nb3 Be7 7.O-O d6 8.f4 Nc6
9.c4 Nf6 10.Nc3 O-O 11.Qe2 b6 12.Be3 Bb7 13.Rac1 Rc8 14.Rfd1 Qc7 15.a3 Rfe8
16.Kh1 Bf8 17.Nd2 Ba8 18.h3 g6 19.Qf2 Nd7 20.b4 Qb7 21.Be2 Bg7 22.Nb3 Bf8
23.Bf3 Qc7 24.b5 Ncb8 25.Na4 Nc5 26.Nbxc5 dxc5 27.Nc3 e5 28.f5 Rcd8 29.Bg5 Rd4
30.bxa6 Bc6 31.Nb5 Qd7 32.fxg6 fxg6 33.Bg4 Qg7 34.a7 Na6 35.Rf1 Be7 36.Be6+ Kh8
37.Bf7 Bxg5 38.Bxe8 Bxe4 39.Nxd4 cxd4 40.Rce1 Ba8 41.Bb5 Nc7 42.Qf8+ Qxf8
43.Rxf8+ Kg7 44.Rxa8 Nxa8 45.Bc6 Nc7 46.Rxe5 d3 47.Rxg5  1-0

[Event "WYG14"]
[Site "Batumi GEO"]
[Date "2006.10.22"]
[Round "4"]
[White "Sukandar,I"]
[Black "Rizhamadze,P"]
[Result "1-0"]
[WhiteElo "2239"]
[BlackElo "1922"]

1.e4 c5 2.Nf3 e6 3.d4 cxd4 4.Nxd4 a6 5.Bd3 Qc7 6.O-O Nf6 7.c4 Be7 8.Nc3 d6
9.Be3 Nbd7 10.f4 b6 11.Rc1 Bb7 12.f5 e5 13.Nd5 Qd8 14.Ne2 Nxd5 15.exd5 Bg5
16.Qd2 Bxe3+ 17.Qxe3 O-O 18.Ng3 Nf6 19.Qg5 Bc8 20.Rf3 h6 21.Qh4 Nh7 22.f6 Nxf6
23.Rcf1 Nd7 24.Qe4 g6 25.Rxf7 Rxf7 26.Rxf7 Nf8 27.Qf3 Bf5 28.Bxf5 gxf5 29.Qxf5 Qg5
30.Qf1 Ng6 31.Rf6 Rf8 32.Rxf8+ Nxf8 33.Nf5 Qf6 34.Qf3 Nd7 35.Qg4+ Kh7 36.Nxh6 Qxh6
37.Qxd7+ Kh8 38.Qh3 Qxh3 39.gxh3 a5 40.b3 Kg7 41.Kg2 Kf6 42.Kf3 Kf5 43.a3 Kf6
44.Ke4 Kg5 45.b4 axb4 46.axb4 Kf6 47.h4 Kg6 48.c5 dxc5 49.bxc5 bxc5 50.Kxe5  1-0

[Event "14th Chigorin Mem B"]
[Site "St-Petersburg RUS"]
[Date "2006.10.23"]
[Round "1"]
[White "Bazhenova,D"]
[Black "Stubberud,O"]
[Result "0-1"]
[WhiteElo "1871"]
[BlackElo "2183"]

1.e4 c5 2.Nf3 e6 3.d4 cxd4 4.Nxd4 a6 5.Bd3 Nf6 6.O-O Qc7 7.Nc3 Nc6 8.Be3 Nxd4
9.Bxd4 Bc5 10.Bxc5 Qxc5 11.Qe2 d6 12.Rfe1 e5 13.Qe3 Qxe3 14.Rxe3 Be6 15.Rd1 Ke7
16.f3 b5 17.a3 Rhc8 18.Bf1 Rc6 19.Kf2 Rb8 20.Re2 b4 21.axb4 Rxb4 22.Nd5+ Bxd5
23.exd5 Rc5 24.c3 Rb3 25.Ra1 a5 26.f4 Rxd5 27.fxe5 Ng4+ 28.Kg3 Nxe5 29.Ra4 Rd1
30.Rf2 Rb1 31.Rxa5 R3xb2 32.Rxb2 Rxb2 33.c4 Rc2 34.Ra4 Ke6 35.Rb4 f5 36.h3 f4+
37.Kh4 Rf2 38.Rb1 Kf5 39.Rd1 h6 40.Rc1 Ke4 41.Rd1 Ke3 42.Kh5 Rd2 43.Rc1 Kf2
44.Kh4 Rd4 45.Kh5 Re4 46.c5 dxc5 47.Ba6 c4 48.Bb7 Re1 49.Rc2+ Re2 50.Rc3 Re3
51.Rc2+ Kg3 52.Ra2 c3 53.Bd5 Rd3 54.Be4 Rd4 55.Bb7 Rc4  0-1

[Event "WYG14"]
[Site "Batumi GEO"]
[Date "2006.10.25"]
[Round "7"]
[White "Kulon,K"]
[Black "Yu Hualin"]
[Result "1-0"]
[WhiteElo "2107"]
[BlackElo "2087"]

1.e4 c5 2.Nf3 e6 3.d4 cxd4 4.Nxd4 a6 5.Bd3 Bc5 6.Nb3 Be7 7.Be3 Qc7 8.Qe2 Nf6
9.f4 d6 10.N1d2 Nbd7 11.O-O-O b5 12.g4 Nb6 13.g5 Nfd7 14.Kb1 Nc5 15.Rc1 Bd7
16.Nxc5 dxc5 17.c4 b4 18.e5 Bc6 19.Be4 O-O-O 20.Rhd1 Na4 21.Qf3 Kb7 22.Nb3 Kb6
23.h4 h6 24.gxh6 Rxh6 25.Rxd8 Bxe4+ 26.Qxe4 Qxd8 27.a3 a5 28.Nxa5 Kxa5 29.Qb7 Qb6
30.axb4+ Kxb4 31.Bd2+ Kb3 32.Qf3+  1-0

[Event "WYG18"]
[Site "Batumi GEO"]
[Date "2006.10.25"]
[Round "8"]
[White "Batzaya,Y"]
[Black "Pourkashiyan,A"]
[Result "0-1"]
[WhiteElo "2048"]
[BlackElo "2329"]

1.e4 c5 2.Nf3 e6 3.d4 cxd4 4.Nxd4 a6 5.Bd3 Bc5 6.Nb3 Ba7 7.O-O Nc6 8.Qe2 d6
9.Be3 Nf6 10.Nc3 O-O 11.Bxa7 Rxa7 12.Rad1 b5 13.Qe3 Rd7 14.h3 Ne5 15.f4 Nc4
16.Bxc4 bxc4 17.Nd2 d5 18.Nf3 Bb7 19.e5 Ne8 20.b3 Nc7 21.Na4 Nb5 22.Nc5 Qb6
23.bxc4 Rc7 24.cxb5 axb5 25.Rb1 Qxc5 26.Qxc5 Rxc5 27.Nd4 Ba6 28.Rf3 Rc4 29.Nxb5 Rxc2
30.Ra3 Bxb5 31.Rxb5 h5 32.Rb7 Rc4 33.Rf3 Ra4 34.a3 Rfa8 35.Rbb3 h4 36.g3 hxg3
37.Kg2 Kh7 38.Kxg3 Kg6 39.Kg4 Re4 40.Rb6 Ra7 41.Rg3 Raa4 42.Rf3 Rxe5 43.Rb4 Re4
44.Rxa4 Rxa4 45.Re3 Kf6 46.Kf3 Ra5 47.Kg4 Ra7 48.Kf3 Ke7 49.f5 Kd6 50.Kf4 e5+
51.Kg5 d4 52.Rb3 Kc5 53.f6 gxf6+ 54.Kxf6 e4 55.h4 d3 56.h5 d2 57.Rb1 e3 58.h6 Ra6+
59.Kg7 Rg6+  0-1

[Event "WYG14"]
[Site "Batumi GEO"]
[Date "2006.10.25"]
[Round "8"]
[White "Yu Hualin"]
[Black "Muzychuk,M"]
[Result "0-1"]
[WhiteElo "2087"]
[BlackElo "2278"]

1.e4 c5 2.Nf3 e6 3.d4 cxd4 4.Nxd4 a6 5.Bd3 Bc5 6.Nb3 Ba7 7.Qe2 Nc6 8.Be3 Nge7
9.c4 e5 10.Nc3 d6 11.Bxa7 Rxa7 12.O-O O-O 13.Rfd1 Be6 14.Qd2 Qb8 15.Be2 Rd8
16.Nd5 b5 17.cxb5 axb5 18.Rdc1 f5 19.Nxe7+ Nxe7 20.exf5 Nxf5 21.Bg4 Qa8 22.Bf3 d5
23.Nc5 Bf7 24.a3 Nd6 25.Re1 Rc8 26.Rac1 Nc4 27.Qb4 Rac7 28.Nb3 Qa7 29.Bg4 Rf8
30.Re2 d4 31.Rd1 Qb6 32.h3 Bg6 33.Ree1 Nxb2 34.Rd2 Nd3 35.Rxd3 Bxd3 36.Rxe5 Bc4
37.Nc5 Qd6 38.Ne6 Qxb4 39.axb4 Re7 40.Re4 Rfe8  0-1

[Event "WYG12"]
[Site "Batumi GEO"]
[Date "2006.10.26"]
[Round "9"]
[White "Lach,A"]
[Black "Arabidze,M"]
[Result "1/2-1/2"]
[WhiteElo "1982"]
[BlackElo "2107"]

1.e4 c5 2.Nf3 e6 3.d4 cxd4 4.Nxd4 a6 5.Bd3 Qc7 6.O-O Nf6 7.f4 Bc5 8.c3 Qb6
9.Kh1 Bxd4 10.cxd4 Qxd4 11.Nc3 Nc6 12.Qe2 d6 13.a3 Qc5 14.Be3 Qh5 15.Qxh5 Nxh5
16.Bb6 Nf6 17.Bc4 O-O 18.Rad1 Ne8 19.g4 Bd7 20.Ba2 Ne7 21.Kg1 Bc6 22.h3 Nf6
23.Rfe1 Nc8 24.Bd4 Nd7 25.Bf2 Rb8 26.Bg3 Ndb6 27.f5 e5 28.g5 Kh8 29.Rf1 f6
30.gxf6 gxf6 31.Bh4 Bb5 32.Nxb5 axb5 33.Be6 Nc4 34.Rf2 Ne7 35.b3 Na5 36.Rxd6 Nac6
37.Bd5 Rbd8 38.Bxf6+ Rxf6 39.Rxf6 Nxd5 40.exd5 Kg7 41.Re6 Rxd5 42.Rg2+ Kf7
43.Rh6 Nd4 44.Rf2 e4 45.Rxh7+ Kf6 46.Rh6+ Kf7 47.Kg2 e3 48.Rf1 Re5 49.Rc1 Rxf5
50.Rc7+ Kg8 51.Rg6+ Kf8 52.Rd6 Rf2+ 53.Kh1 Rf1+ 54.Kg2 Rf2+ 55.Kh1 Rf1+ 56.Kg2 Rf2+
57.Kh1 Rf1+  1/2-1/2

[Event "AVTOGAZ 40"]
[Site "Togliatti RUS"]
[Date "2006.10.26"]
[Round "7"]
[White "Alavkin,A"]
[Black "Kazancev,V"]
[Result "1/2-1/2"]
[WhiteElo "2504"]
[BlackElo "2335"]

1.e4 c5 2.Nf3 e6 3.d4 cxd4 4.Nxd4 a6 5.Bd3 Nf6 6.O-O d6 7.c4 Be7 8.Nc3 Nc6
9.Be3 O-O 10.Kh1 Ne5 11.Be2 d5 12.cxd5 exd5 13.exd5 Nxd5 14.Nxd5 Qxd5 15.Nf5 Qe6
16.Nxe7+ Qxe7 17.Rc1 Rd8 18.Bc5 Qh4 19.Qb3 Be6 20.Qxb7 Bd5 21.Qb4 Qg5 22.f3 Ng6
23.Bd6 Rxd6 24.Qxd6 Nf4 25.Rf2 Nxe2 26.f4 Qh5 27.Rxe2 Qxe2 28.Qxd5 Re8 29.Qd4 h6
30.h3 Re3 31.Qd5 Re6 32.Kh2 Qxb2 33.Rc8+ Kh7 34.Qf5+ Rg6 35.Rc2 Qf6 36.Qxf6  1/2-1/2

[Event "14th Chigorin Mem"]
[Site "St-Petersburg RUS"]
[Date "2006.10.27"]
[Round "6"]
[White "Shomoev,A"]
[Black "Smirnov,P"]
[Result "1-0"]
[WhiteElo "2528"]
[BlackElo "2623"]

1.e4 c5 2.Nf3 e6 3.d4 cxd4 4.Nxd4 a6 5.Bd3 Nf6 6.Qe2 d6 7.Nc3 Qb6 8.Nb3 Qc7
9.Bd2 Nc6 10.f4 Be7 11.g4 b5 12.a4 b4 13.Nd1 d5 14.e5 Ne4 15.Bxe4 dxe4 16.Nf2 Bb7
17.a5 Rd8 18.Be3 Rd5 19.Bb6 Qc8 20.Rd1 Rxd1+ 21.Kxd1 Nb8 22.Qe3 O-O 23.Kc1 Nd7
24.Nxe4 Qc4 25.Ned2 Qc6 26.Rd1 Rc8 27.Nd4 Qa4 28.N2b3 Bf8 29.Kb1 Bd5 30.f5 Nb8
31.Ne2 Bc4 32.Nf4 Qe8 33.h4 Nc6 34.f6 g6 35.Qe4 Bb5 36.Qe3 Ba4 37.g5 h5 38.Qe4 Nb8
39.Nd4 Nc6 40.b3 Nxd4 41.Rxd4 Bc6 42.Qe3 Bb5 43.Qd2 Qc6 44.Rd8 Rxd8 45.Qxd8 Qh1+
46.Ka2 Qc1 47.Qc8 Bd7 48.Qc4 Bb5 49.Qc8 Bd7 50.Qc4 Bb5 51.Qe4 Kh7 52.Bd8 Bc5
53.Bb6 Bf8 54.Bd4 Qd1 55.Kb2 Bc6 56.Qe3 Qg4 57.Bc5 Bh6 58.gxh6 g5 59.Qd3+ Kxh6
60.Bf8+  1-0

[Event "14th Chigorin Mem"]
[Site "St-Petersburg RUS"]
[Date "2006.10.28"]
[Round "7"]
[White "Yagupov,I"]
[Black "Karasev,V"]
[Result "0-1"]
[WhiteElo "2541"]
[BlackElo "2378"]

1.e4 c5 2.Nf3 e6 3.d4 cxd4 4.Nxd4 a6 5.Bd3 Qc7 6.O-O Nf6 7.Qe2 d6 8.c4 Nbd7
9.b3 Be7 10.Bb2 g5 11.Nd2 Rg8 12.Rac1 b6 13.b4 Bb7 14.N4b3 Ne5 15.Bxe5 dxe5
16.c5 Nd7 17.cxb6 Qxb6 18.a3 Kf8 19.Nc4 Qa7 20.Nca5 Bd8 21.Rc2 Kg7 22.Rfc1 Qb8
23.Nc6 Bxc6 24.Rxc6 a5 25.Nxa5 Bxa5 26.bxa5 Rxa5 27.Qd2 Rxa3 28.Bf1 Ra7 29.Qxg5+ Kh8
30.Qe7 Qf8 31.Qh4 Qd8 32.Qh5 Qf6 33.Qe2 Qg5 34.g3 Nf6 35.Bg2 Rd7 36.h3 Rgd8
37.Rc8 Kg7 38.Rxd8 Qxc1+  0-1

[Event "14th Chigorin Mem B"]
[Site "St-Petersburg RUS"]
[Date "2006.10.28"]
[Round "7"]
[White "Bronnikova,E"]
[Black "Butylkin,A"]
[Result "1-0"]
[WhiteElo "2243"]
[BlackElo "2174"]

1.e4 c5 2.Nf3 e6 3.d4 cxd4 4.Nxd4 a6 5.Bd3 Nf6 6.O-O Qc7 7.Qe2 d6 8.b3 Be7
9.Bb2 e5 10.Nf3 O-O 11.c4 Nbd7 12.Nc3 Nc5 13.Rfe1 Bd7 14.Nd2 Ne6 15.Nf1 Nf4
16.Qd2 Bc6 17.Ne3 Rfd8 18.g3 Ne6 19.Ncd5 Bxd5 20.exd5 Ng5 21.Qd1 g6 22.h4 Nge4
23.b4 Qb6 24.Rb1 Qxb4 25.Nc2 Qa4 26.Bxe4 Qxc4 27.Bg2 Rac8 28.Re2 Qa4 29.Ne3 Qa5
30.a4 b5 31.axb5 axb5 32.Qb3 Rc5 33.Ra1 Qb6 34.Ba3 Rc7 35.Bb4 Qb7 36.Ba5 Ra8
37.Rea2 Rcc8 38.Bf1 Rcb8 39.Bb4 Ne4 40.Rxa8 Rxa8 41.Rxa8+ Qxa8 42.Bxb5 f5
43.Bd3 Nf6 44.Qa3 Qd8 45.Qa5 Qc8 46.Nc4 f4 47.Bxd6 Bxd6 48.Nxd6 Qd7 49.Qa8+ Kg7
50.Qc6 Qa7 51.Qb7+ Qxb7 52.Nxb7 Nxd5 53.g4 h6 54.Nc5 Nf6 55.f3 g5 56.h5 Kf7
57.Ne4 Nd7 58.Nd6+ Kg7 59.Bg6 Nf8 60.Bf5 Kf6 61.Kf2 Ke7 62.Ne4 Kd8 63.Ke2 Ke7
64.Kd3 Kf7 65.Kc4 Ke7 66.Kd5 Kf7 67.Kxe5 Ke7 68.Nd6  1-0

[Event "Open A"]
[Site "Le Touquet FRA"]
[Date "2006.10.30"]
[Round "3"]
[White "Marzolo,C"]
[Black "Saatdjian,T"]
[Result "1-0"]
[WhiteElo "2483"]
[BlackElo "2174"]

1.e4 e6 2.Nf3 c5 3.d4 cxd4 4.Nxd4 a6 5.Bd3 Nf6 6.O-O Qc7 7.Qe2 d6 8.f4 g6
9.Kh1 Bg7 10.c4 O-O 11.Nc3 b6 12.f5 Nc6 13.Nxc6 Qxc6 14.e5 dxe5 15.fxg6 Bb7
16.gxf7+ Rxf7 17.Bg5 Raf8 18.Bxf6 Rxf6 19.Be4 Qc7 20.Rxf6 Rxf6 21.Rd1 Bxe4
22.Nxe4 Rf8 23.g3 Rd8 24.Rxd8+ Qxd8 25.Kg2 Qd4 26.b3 h6 27.Kf3 Kh7 28.Qc2 Kg8
29.Qe2 Kh7 30.Nf2 Qa1 31.c5 bxc5 32.Qxa6 e4+ 33.Kxe4 Bd4 34.Qe2 Qg1 35.Nd3 Qh1+
36.Kf4 Kh8 37.Ne1 Qd5 38.Qe4 e5+ 39.Kf3 Qf7+ 40.Kg4 Qf2 41.Qa8+ Kg7 42.Nf3 Qe2
43.Qb7+ Kg6 44.Qc6+ Kg7 45.Kf5 Qc2+ 46.Qe4 Qxa2 47.Qb7+ Kh8 48.Nh4 Qe2 49.Kf6 e4+
50.Kg6  1-0

[Event "14th Chigorin Mem"]
[Site "St-Petersburg RUS"]
[Date "2006.10.30"]
[Round "9"]
[White "Demianjuk,A"]
[Black "Yagupov,I"]
[Result "0-1"]
[WhiteElo "2345"]
[BlackElo "2541"]

1.e4 c5 2.Nf3 e6 3.d4 cxd4 4.Nxd4 a6 5.Bd3 Bc5 6.Nb3 Ba7 7.Nc3 Nc6 8.Qe2 Nge7
9.Be3 d6 10.O-O-O b5 11.Bxa7 Rxa7 12.Qe3 e5 13.f4 exf4 14.Qxf4 Ng6 15.Qf2 O-O
16.Kb1 Nge5 17.Nd5 Rb7 18.Nd4 Nxd4 19.Qxd4 Be6 20.Be2 Nc6 21.Qd2 Rd7 22.h4 Ne5
23.Ne3 Qb6 24.g4 Rc8 25.g5 Rc5 26.Nd5 Bxd5 27.exd5 Rc8 28.h5 Rf8 29.Bd3 f5
30.g6 Qd8 31.Rdf1 Nxd3 32.Qxd3 Qf6 33.gxh7+ Kh8 34.a3 f4 35.Rhg1 Qf5 36.Qc3 Kxh7
37.Qc6 Rff7 38.Qxa6 Qxd5 39.Rd1 Qc5 40.h6 g6 41.Qa8 f3 42.Qe4 Qf5 43.Qd4 f2
44.Rgf1 Rde7 45.Ka2 Re2 46.Rd2 Rxd2 47.Qxd2 Qf4 48.Qd1 Kxh6 49.b3 Kg7 50.Qd3 Qe5
51.Qd2 Qc5 52.Kb2 g5 53.Kb1 Rf6 54.Qe2 Qf5 55.Qe7+ Kg6 56.Qe8+ Rf7 57.Qg8+ Kh5
58.Qh8+ Kg4 59.Qd4+ Kg3 60.Qe3+ Kg2 61.Rxf2+ Qxf2 62.Qxg5+ Kf1 63.Qxb5+ Qe2
64.Qc6 Qd1+ 65.Kb2 Qd4+ 66.Ka2 Rf2 67.a4 Ke1 68.a5 Kd2 69.a6 Qc3 70.Qxd6+ Kxc2
71.Qg6+ Kc1+  0-1

[Event "14th Chigorin Mem"]
[Site "St-Petersburg RUS"]
[Date "2006.10.30"]
[Round "9"]
[White "Nadeev,S"]
[Black "Kosov,Iv"]
[Result "1/2-1/2"]
[WhiteElo "2305"]
[BlackElo "2386"]

1.e4 c5 2.Nf3 e6 3.d4 cxd4 4.Nxd4 a6 5.Bd3 Qc7 6.Nc3 b5 7.O-O Bb7 8.a3 Nf6
9.Qe2 d6 10.Kh1 Nbd7 11.f4 Be7 12.Bd2 O-O 13.Rae1 Rfe8 14.e5 Nd5 15.f5 Nxc3
16.Bxc3 Nxe5 17.fxe6 f6 18.Bxh7+ Kxh7 19.Qh5+ Kg8 20.Rxe5 dxe5 21.Qf7+ Kh8
22.Rf5 g5 23.Qh5+ Kg8 24.Rxg5+ fxg5 25.Qf7+ Kh8 26.Nf5 Bd6 27.Qf6+ Kh7 28.Qh6+ Kg8
29.Qxg5+ Kh7 30.Qh6+ Kg8 31.Qg6+ Kh8 32.Qf6+ Kh7 33.Qh6+ Kg8 34.Qg6+ Kh8
35.Nxd6 Qxd6 36.Qh6+  1/2-1/2